00343nam a2200145Ia 4500008004100000041000800041082001500049100001400064245003400078260003600112300000900148500001000157650001600167700001400183230125s9999 xx 000 0 und d aeng a305.4bEST aEstes C P aWomen who run with the wolves c1998bRider publicationaLondon a537p aWomen aWomen Study aEstes C P